Recopilación de Decretos Leyes. Dictados por la Junta de Gobierno constituida el 11 de Septiembre de 1973, que asumió el mando supremo de la nación. Con índices numérico, temático, onomástico y de notas

Збережено в:
Бібліографічні деталі
Співавтор: Contraloría General de la República (Автор)
Формат: Книга
Мова:Іспанська
Опубліковано: Santiago Contraloría General de la República 1974
Предмети:
Теги: Додати тег
Немає тегів, Будьте першим, хто поставить тег для цього запису!

MARC

LEADER 00000nam a2200000 a 4500
001 UCR0677
003 CL-VaPUC
008 971205e19740000CL |||||||||||||||||spa|d
082 0 4 |a 348.022  |b CON  |2 21 
110 2 |a Contraloría General de la República  |e author  |9 396736 
245 1 0 |a Recopilación de Decretos Leyes. Dictados por la Junta de Gobierno constituida el 11 de Septiembre de 1973, que asumió el mando supremo de la nación. Con índices numérico, temático, onomástico y de notas 
300 |a t 
942 |c BK 
945 |d 19971205 00:00:00  |a lriquelm 
260 |a Santiago  |b Contraloría General de la República  |c 1974 
500 |a Contiene: desde la decreto ley 651, de 16 de Septiembre de 1974, al decreto ley 800, de 6 de Diciembre del mismo año 
500 |a Decretos Leyes vol.4 
500 |a Donación profesor Fernando Recio Olguín 
650 7 |a LEGISLACION  |2 CL-VaPUC  |9 396737 
650 0 |a Leyes  |9 256670 
650 7 |a FUENTES  |2 CL-VaPUC  |9 255666 
650 7 |a DERECHO CHILENO  |2 CL-VaPUC  |9 396738 
650 7 |a DECRETO LEY  |2 CL-VaPUC  |9 382553 
583 |a last modification  |c 20140410 09:54:19  |k Rodrigo Vera 
999 |c 264176  |d 264174 
952 |0 0  |1 0  |4 0  |6 348_022000000000000_CON_1974  |7 0  |8 F  |9 294068  |a BIBDER  |b BIBDER  |d 2019-11-19  |h t.64  |i 1911740  |o 348.022 CON 1974  |p 1911740  |r 2023-01-25  |w 2019-11-19  |y BK_F  |k DER 
952 |0 0  |1 0  |4 0  |6 348_022000000000000_CON_1974  |7 0  |8 X  |9 294070  |a BIBHIS  |b BIBHIS  |d 2019-11-19  |h t.64  |i 212873K  |o 348.022 CON 1974  |p 212873K  |r 2024-01-30  |w 2019-11-19  |y BK_X  |k HIS